01001 a2200205 4500020001500000020001500015040001300030100001800043245015600061246005700217260004300274300002900317500004000346538003600386538012700422650004200549650005000591710004000641856011400681 a0471720925 a0471720925 aDLCbDLC1 aChu, Pong P.,10aRTL hardware design using VHDL : coding for efficiency, portability, and scalabilitybcoding for efficiency, portability, and scalabilitycPong P. Chu.30aRTL hardware design using VHDL [electronic resource] aHoboken, NJ :bJ. Wiley & Sons,c2006. a669 p. :bill. ;c27 cm. a"A Wiley-Interscience publication." aMode of access: World Wide Web. aSystem requirements : Internet connectivity, World Wide Web browser, Adobe Acrobat reader required to view and print file. 0aDigital electronicsxData processing. 0aVHDL (Computer hardware description language)2 aWiley InterScience (Online service)41uhttp://libproxy1.nus.edu.sg/login?url=http://www3.interscience.wiley.com/cgi-bin/homepage/?isbn=9780471786412